Podmínky podnikání v České republice při hodnocení institucionální kvality
Hodnotenie podmienok podnikania (kvality regulácie) v Českej republike v rámci Európskej únie s využitím výsledkov skúmania Svetovej banky za rok 2005 realizovaného v rámci projektu Doing Business. Prezetácia komentárov k českej regulačnej praxi a námety k jej ďalšiemu využitiu v ekonomicej analýze.
Salvato in:
| Autore principale: | |
|---|---|
| Altri autori: | |
| Natura: | Capitolo di libro |
| Lingua: | ceco |
| Soggetti: | |
| Tags: |
Nessun Tag, puoi essere il primo ad aggiungerne!!
|
MARC
| LEADER | 00000naa$a2200000$$$4500 | ||
|---|---|---|---|
| 001 | 0056737 | ||
| 005 | 20231019131143.7 | ||
| 041 | 0 | |a cze | |
| 044 | |a SK | ||
| 245 | 1 | 0 | |a Podmínky podnikání v České republice při hodnocení institucionální kvality |c Anna Kadeřábková, Václav Šmejkal |
| 520 | |a Hodnotenie podmienok podnikania (kvality regulácie) v Českej republike v rámci Európskej únie s využitím výsledkov skúmania Svetovej banky za rok 2005 realizovaného v rámci projektu Doing Business. Prezetácia komentárov k českej regulačnej praxi a námety k jej ďalšiemu využitiu v ekonomicej analýze. | ||
| 610 | 2 | 0 | |a podnikanie |
| 610 | 2 | 0 | |a regulácia |
| 610 | 2 | 0 | |a analýza ekonomická |
| 610 | 2 | 0 | |a Česko |
| 610 | 2 | 0 | |a Európska únia |
| 100 | 1 | |a Kadeřábková, Anna | |
| 700 | 1 | |a Šmejkal, Václav | |